000 01115nam a22003377a 4500
003 CHAP
005 20220329143307.0
008 080227s2002 es a r 00010 spa d
010 _a94517
011 _a95489
020 _a8420009636
035 _a106115
040 _cCHAP
082 0 4 _a664.15
_bB4y
100 0 0 _aBeckett, Stephen T.
_911214
245 1 3 _aLa ciencia del chocolate
_c/por Stephen T. Beckett
260 _aZaragoza :
_bAcribia
_c2002
300 _a201 p. :
_bilus. ; gráfs. ; tablas
500 _aTrad. de : The science of chocolate, c2000
590 _aBATCH-UPD
_b10
_c20130110
_lUCH01
_h0708
590 _aBATCH-UPD
_b10
_c20130110
_lUCH01
_h2356
590 _aCONVERSION
_b10
_c20130109
_lUCH01
_h1352
650 1 4 _aCacao
_xIndustria.
_916950
650 1 4 _aChocolate.
_922816
650 1 4 _aChocolate
_xProcesado.
_922819
650 1 4 _aIndustria chocolatera.
_957800
901 _aBK
942 _cLIBRO
949 _a664.15 B4y
_bBC
_cLIBRO
_d33724002048040
_eLIBRO
_gI.c/e
_h109115
_i106115
_si
_t$510.00
949 _a664.15 B4y
_bBC
_cLIBRO
_d33724002069736
_eLIBRO
_fc.2
_h109924
_i106115
_si
_t$351.00
999 _c94517
_d94517